| 000 | 00983cab a2200301 4500 | ||
|---|---|---|---|
| 001 | ABS48346 | ||
| 008 | 090401t1993 xxu||||| |||| 00| 0 eng d | ||
| 035 | _a(Sirsi) u66292 | ||
| 041 | _aeng | ||
| 100 | _aRenshaw, B. | ||
| 245 | _aStranded motorist services pose problems for planners | ||
| 260 | _c1993 | ||
| 350 | _a0 | ||
| 490 |
_aPlanning (for the Natural and Built Environment) _v(1011) 26 March 1993, 18-19(2) |
||
| 520 | _aExamines the roadside service needs of motorists and the treatment they get from the planning system. | ||
| 650 | _aDOE CIRCULAR 23/1992 | ||
| 650 | _aGARAGES | ||
| 650 | _aMOTORWAY SERVICE STATIONS | ||
| 650 | _aPLANNING POLICY GUIDANCE NOTE 13 | ||
| 650 | _aPLANNING POLICY GUIDANCE NOTE 13 | ||
| 650 | _aROADSIDE SERVICES | ||
| 690 | _aHIGHWAYS RIGHTS OF WAY AND EASEMENTS | ||
| 690 | _aPLANNING LAW AND PRACTICE | ||
| 690 | _aTRANSPORT AND COMMUNICATIONS | ||
| 700 | _aMcCafferty, A. | ||
| 942 | _n0 | ||
| 948 | _c04/03/1997 | ||
| 999 |
_c41447 _d41447 |
||